¿Qué he aprendido enseñando fisolofía del derecho? (Record no. 16810)

MARC details
000 -LEADER
campo de control de longitud fija 00846nam a2200205 i 4500
001 - NÚMERO DE CONTROL
campo de control 16810
003 - IDENTIFICADOR DE NÚMERO DE CONTROL
campo de control ES-MaACL
005 - FECHA Y HORA DE LA ÚLTIMA TRANSACCIÓN
campo de control 20250809062545.0
007 - CAMPO FIJO DE DESCRIPCIÓN FÍSICA--INFORMACIÓN GENERAL
campo de control de longitud fija t|
008 - DATOS DE LONGITUD FIJA--INFORMACIÓN GENERAL
campo de control de longitud fija 001108s1996 cl ||||1| spa d
080 ## - NÚMERO DE LA CLASIFICACIÓN DECIMAL UNIVERSAL
Número de la Clasificación Decimal Universal 340.12
100 1# - ENTRADA PRINCIPAL--NOMBRE DE PERSONA
Nombre de persona Squella Narducci, Agustín.
9 (RLIN) 107821
245 11 - MENCIÓN DEL TÍTULO
Título ¿Qué he aprendido enseñando fisolofía del derecho?
Resto del título : discurso leído /
Mención de responsabilidad, etc. por ... Agustín Squella Narducci ... en el acto de su incorporación como miembro de número a la Academia Chilena de Ciencias Sociales, Políticas y Morales... ; y discurso de recepción por Manuel de Rivacoba y Rivacoba.
260 ## - PUBLICACIÓN, DISTRIBUCIÓN, ETC.
Lugar de publicación, distribución, etc. [Valparaíso] :
Nombre del editor, distribuidor, etc. Edeval,
Fecha de publicación, distribución, etc. [1995]
300 ## - DESCRIPCIÓN FÍSICA
Extensión 65 p. ;
Dimensiones 27 cm.
650 #4 - PUNTO DE ACCESO ADICIONAL DE MATERIA--TÉRMINO DE MATERIA
Término de materia o nombre geográfico como elemento de entrada Derecho-
Subdivisión general Filosofía
9 (RLIN) 11620
700 1# - ENTRADA AGREGADA--NOMBRE PERSONAL
Nombre de persona Rivacoba y Rivacoba, Manuel de.
9 (RLIN) 97535
852 ## - LOCALIZACIÓN
Ubicación ES-MaACL
Número de control de estantería 2155-F-20
Sublocalización o colección R.129224
Holdings
Estatus retirado Estado de pérdida Estado de daño No para préstamo Colección Biblioteca de origen Biblioteca actual Ubicación en estantería Fecha de adquisición Fuente de adquisición Total de préstamos Signatura topográfica completa Código de barras Visto por última vez Precio de reemplazo Tipo de ítem Koha
        Colección de folletos Biblioteca del Ateneo de Madrid Biblioteca del Ateneo de Madrid Depósito folletos 17/01/2008     2155-F-20 1017074 23/02/2023 23/02/2023 Folleto